Management Information Systems Planning and Decision Making
Salvato in:
| Autore principale: | |
|---|---|
| Altri autori: | |
| Natura: | Libro |
| Lingua: | inglese |
| Pubblicazione: |
Cincinnati
South-Western Pub. Co.
1987
|
| Edizione: | 1. ed. |
| Soggetti: | |
| Tags: |
Nessun Tag, puoi essere il primo ad aggiungerne!!
|
MARC
| LEADER | 00000nam a2200000 4500 | ||
|---|---|---|---|
| 001 | c000432 | ||
| 005 | 20221221074653.1 | ||
| 020 | |a 0-538-10170-9 | ||
| 041 | 0 | |a eng | |
| 044 | |a US | ||
| 245 | 1 | 0 | |a Management Information Systems |b Planning and Decision Making |c Jerry L. Koory, Don B. Medley |
| 250 | |a 1. ed. | ||
| 264 | 1 | |a Cincinnati |b South-Western Pub. Co. |c 1987 | |
| 300 | |a 350 s. | ||
| 610 | 2 | 0 | |a systémy informačné riadiace |
| 610 | 2 | 0 | |a manažment |
| 610 | 2 | 0 | |a systémy riadenia |
| 610 | 2 | 0 | |a riadenie podnikové |
| 610 | 2 | 0 | |a plánovanie podnikové |
| 610 | 2 | 0 | |a rozhodovanie podnikové |
| 610 | 2 | 0 | |a AIS |
| 610 | 2 | 0 | |a stratégia podniková |
| 610 | 2 | 0 | |a softvér |
| 610 | 2 | 0 | |a programy aplikačné |
| 610 | 2 | 0 | |a práca personálna |
| 610 | 2 | 0 | |a hardvér |
| 610 | 2 | 0 | |a podnik |
| 100 | 1 | |a Koory, Jerry L. | |
| 700 | 1 | |a Medley, Don B. | |